Normal view
MARC view
- Supervisor Dr. Usman Qamar Co-Supervisor Dr. Michael Coche
Entry Personal Name
001 - CONTROL NUMBER
- control field: 69914
003 - CONTROL NUMBER IDENTIFIER
- control field: NUST
005 - DATE AND TIME OF LATEST TRANSACTION
- control field: 20210628204326.0
008 - FIXED-LENGTH DATA ELEMENTS
- fixed length control field: 210628|| aca||aabn | a|a d
040 ## - CATALOGING SOURCE
- Original cataloging agency: NUST
- Transcribing agency: NUST
100 ## - HEADING--PERSONAL NAME
- Personal name: Supervisor Dr. Usman Qamar Co-Supervisor Dr. Michael Coche
670 ## - SOURCE DATA FOUND
- Source citation: Work cat.: (NUST): Bushra Zafar 15422, TH-SOF-1330-Using Distributional Semantics For Automatic Taxonomy Induction, 2017
